| 000 | 00700nam a22002057a 4500 | ||
|---|---|---|---|
| 003 | OSt | ||
| 005 | 20260203070156.0 | ||
| 008 | 260203b |||||||| |||| 00| 0 eng d | ||
| 020 | _a13 : 978-159918081-6. | ||
| 040 |
_aDWC-Main lib _cOC |
||
| 082 |
_24th edition _aGR. 658.041 S796 2007 |
||
| 100 | _aLesonsky, Rieva | ||
| 245 |
_aStart your own business : _bthe only start-up book youll ever need _cRieva Lesonsky |
||
| 260 |
_aCalif. : _bEntrepreneur Media Inc., _cc2007. |
||
| 300 |
_axiv, 720 pages : _billustration ; _c22 cm. |
||
| 504 | _aIncludes index. | ||
| 650 | _a1. New business enterprises-Management. | ||
| 650 | _a2. Small business-Management. | ||
| 942 |
_2ddc _cBK-GR _e4th ed. _kGR. _n0 |
||
| 999 |
_c8207 _d8207 |
||